000 00697nam a2200241Ia 4500
003 OSt
005 20220924123431.0
006 a|||||r|||| 00| 0
007 ta
008 220923b |||||||| |||| 00| 0 tel d
020 _c20.00
024 _a332967
037 _cTextual
040 _aARTS
_cARTS
_btel
041 _2tel
_atel
082 _a035,1J30:g, N1
100 _aSubrahmanyam Payasam Au.
_9192761
245 0 _aTenali Ramakrishna kavi Sri Krishna devarayala asthana kavi kadu
260 _aNellore
_bBindu publications
_c1991
650 _aTELUGU POETRY
942 _h035,1J30:g, N1
_cTEXL
_2CC
999 _c415673
_d415673